| 000 | 00501nam a2200157 i 4500 | ||
|---|---|---|---|
| 001 | 58949 | ||
| 003 | ES-MaACL | ||
| 005 | 20230906163926.0 | ||
| 007 | t| | ||
| 008 | 031024s1962 sp ||||1| spa d | ||
| 100 | 1 |
_aEguren, Juan A. _946771 |
|
| 245 | 1 | 3 |
_aLa Encíclica de S.S. Pío XII "Mediator Dei" sobre la Sagrada Liturgia _b: con introducción y comentarios / _cJuan A. Eguren. |
| 260 |
_aMadrid : _bRazón y Fé, _c[1962] |
||
| 300 |
_a271 p. ; _c16 cm. |
||
| 852 |
_aES-MaACL _jC-21746 _bR.50330 |
||
| 999 |
_c58949 _d58949 |
||